Estatísticas para Rodovias Mais Extensas do Brasil em um Mapa

Clique aqui para jogar o quiz

Estatísticas Gerais

  • Esse quiz foi jogado 64 vezes
  • A pontuação média é 5 de 15

Respostas no mapa

Respostas codificadas por cores de uma escala verde-vermelha no mapa do quiz de acordo com a % correta abaixo.
 

Estatísticas das Respostas

ExtensãoRodovia% Correto
4.262kmBR-101
84%
4.870kmBR-116
77%
4.797kmBR-230
55%
3.378kmBR-153
38%
4.200kmBR-364
29%
4.585kmBR-163
27%
1.883kmBR-262
25%
1.508kmBR-020
21%
2.862kmBR-174
20%
2.274kmBR-135
18%
3.050kmBR-158
18%
1.990kmBR-316
14%
2.087kmBR-242
13%
1.584kmBR-226
11%
1.530kmBR-235
4%

Distribuição das Pontuações

Percentil de Números Respondidos

Porcentagem de Pessoas com Cada Pontuação

Sua Pontuação Histórica

Você não jogou esse quiz